LEADER 00832nam a2200205 i 4500 001 000000088281 003 CaOOAMICUS 005 20180830150030.0 008 180830s1971 xx u000 u und u 013 $a60521 040 $aSeMil$bita 100 1 $aScilligo, Pio .$0(OLS)http://semarc/name/6752 245 13$aLa dinamica di gruppo. Interazione sociale nei piccoli gruppi. Vol. I. 260 $aTorino :$bPAS Verlag,$c1971. 300 $a6-270 p. 650 4$aGruppo - Psicologia.$0(OLS)http://semarc/subject/16066 850 $aSeMil 852 $aSeMil$W1$xVenegono$y1$m126 8 1 *$j51605$B51605$CSeMilBibl$Z2$F55880 $81 996 $6245$aLa dinamica di gruppo. Interazione sociale nei piccoli gruppi. Vol. I$9(OLS)http://semarc/title/134239 996 $6260$aTorino :$bPAS Verlag$9(OLS)http://semarc/publisher/31495 LEADER 01311nam a2200277 i 4500 001 000000096329 003 CaOOAMICUS 005 20060707000000.0 008 060707s2006 it u000 u ita u 013 $a68571 020 $a88-215-5587-9 040 $aSeMil$bita 100 1 $aCamisasca, Massimo,$c.$0(OLS)http://semarc/name/3404 245 13$aIl riconoscimento (1976-1984). Appendice (1985-2005) /$c[di Roberto Fontolan]. 260 $aCinisello Balsamo :$bSan Paolo,$c2006. 300 $a327 p., [8] p. di tav. ;$c22 cm. 490 0 $aAttualitą e storia. Protagonisti ;$v52 700 1 $aFontolan, Roberto.$0(OLS)http://semarc/name/36506 773 0 $aCamisasca, Massimo $tComunione e Liberazione.$dCinisello Balsamo : San Paolo, 2001.$kAttualitą e storia$g3$w()6502 830 0$aAttualitą e storia. Protagonisti ;$v52.$0(OLS)http://semarc/title/11945 850 $aSeMil 852 $aSeMil$W1$xVenegono$y1$m3E II 288$j56062$B56062$CSeMilBibl$Z2$F63930 $81 961 $aOmaggio: Tettamanzi Card. Dionigi 996 $6020$a88-215-5587-9$9(OLS)http://semarc/number/53543 996 $6245$aIl riconoscimento (1976-1984). Appendice (1985-2005)$9(OLS)http://semarc/title/119310 996 $6260$aCinisello Balsamo :$bSan Paolo$9(OLS)http://semarc/publisher/30129